banner-ar

مبادئ التأمين / (Record no. 43576)

MARC details
000 -الفاتح
حقل البيانات ثابتة الطول 00600nam a2200193Ia 4500
008 - عناصر البيانات ثابتة الطول - معلومات عامة
حقل البيانات ثابتة الطول 140319s9999 xx 000 0 ara d
040 ## - مصدر الفهرسة
وكالة الفهرسة الأصلية GCL /
وكالة النسخ GCL
082 04 - رقم تصنيف ديوى العشرى
رقم التصنيف 368.01
رقم المادة د م
100 1# - المدخل الرئيسى - إسم شخصى
الإسم الشخصى دنسديل، و. ا
245 10 - بيان العنوان
العنوان مبادئ التأمين /
بيان المسئوليه,etc دنسديل، و. ا
700 1# - المدخل الاضافى - اسم شخصى
الإسم الشخصى احمد فؤاد الانصارى
700 1# - المدخل الاضافى - اسم شخصى
الإسم الشخصى يحيى عويس
490 ## - بيان السلسلة
عنوان السلسلة الالف كتاب
رقم المجلد/ التعيين التسلسلي 0
650 04 - المدخل الاضافى بالموضوع-مصطلح موضوعى
مصطلح موضوعي شركات التامين
650 04 - المدخل الاضافى بالموضوع-مصطلح موضوعى
مصطلح موضوعي التأمين - قوانين وتشريعات
650 04 - المدخل الاضافى بالموضوع-مصطلح موضوعى
مصطلح موضوعي التأمين - إدارة وتنظيم
942 ## - عناصر المدخل الإضافي( كوها)
مصدر التصنيف او مخطط الترفيف Dewey Decimal Classification
Koha [default] item type كتاب
Holdings
حالة التراجع حالة الفقد حالة تلف ليس للاعارة المكان المؤقت الموقع الحالى تاريخ الاكتساب اجمالي اﻻعارات رقم الطلب الباركود تاريخ اخر مشاهدة تاريخ تفعيل السعر نوع وعاء كوها
        مكتبة القاهرة الكبرى مكتبة القاهرة الكبرى 03/26/2014   368.01\د م 105540 03/26/2014 03/26/2014 كتاب

Powered By

EGPV